| 000 | 00665cam a22002293a 4500 | ||
|---|---|---|---|
| 001 | 19238 | ||
| 003 | PGUSA | ||
| 005 | 20140828083416.0 | ||
| 008 | 060912s2006||||xxu|||||s|||||000 | eng d | ||
| 040 |
_aPGUSA _beng |
||
| 042 | _adc | ||
| 050 | 4 | _aBP | |
| 100 | 1 |
_a`Abdu'l-Bahá, _d1844-1921 |
|
| 245 | 1 | 0 |
_aFoundations of World Unity _h[electronic resource] / _c`Abdu'l-Bahá |
| 260 |
_bProject Gutenberg, _c2006 |
||
| 506 | _aCopyrighted. Read the copyright notice inside this book for details. | ||
| 516 | _aElectronic text | ||
| 653 | _aBahai Faith | ||
| 830 | 0 |
_aProject Gutenberg _v19238 |
|
| 856 | 4 | 0 | _uhttp://www.gutenberg.org/ebooks/19238 |
| 942 | _cEB | ||
| 999 |
_c248493 _d248493 |
||